00674 2200241 4500001002100000005001500021035002000036007000300056008004100059020002200100082001000122084001600132100002000148245009600168250001000264260003700274300003000311650002600341700002600367504001700393990001100410990001100421INLIS00000000000429220191023092015 a0010-1019000144ta191023 g 0 ind  a978-602-7760-98-1 a613.2 a613.2 ANG k0 aANGGI, Swastika1 aKasiat Buah sayur :bTumpas segala penyakit /cAnggi Swastika, editor, Episentrum Superteam acet.1 aYogyakarta :bShira Media,c2014 a179 hlm :bilus. ;c24 cm 4aKESEHATAN. BUAH SAYUR0 aEPISENTRUM, Superteam aBiblio Grafi a7016 a a7016 b